India: Taking on climate change-Post-Copenhagen domestic actions: Report, June 30, 2010, Ministry of Enviornment and Forests, Government of India, New Delhi (Record no. 45407)

MARC details
000 -LEADER
fixed length control field 00434nam a2200109Ia 4500
245 #0 - TITLE STATEMENT
Title India: Taking on climate change-Post-Copenhagen domestic actions: Report, June 30, 2010, Ministry of Enviornment and Forests, Government of India, New Delhi
260 ## - PUBLICATION, DISTRIBUTION, ETC. (IMPRINT)
Name of publisher Report
Year of publication 2010
300 ## - PHYSICAL DESCRIPTION
Number of Pages 7p
520 ## - SUMMARY, ETC.
Summary, etc Articles bound received from Dr. James Jacob, Director(R), March 2010
942 ## - ADDED ENTRY ELEMENTS (KOHA)
Koha item type Reprints
Holdings
Withdrawn status Lost status Damaged status Not for loan Home library Current library Shelving location Date acquired Koha item type
      Reprints RRII Library RRII Library Climate change 22/12/2021 Reprints